00238nam a2200109Ia 4500100002500000654001200025245003100037260002000068082002000088300000800108546001200116 aNikolaev/ Olshansky  aWelding aAdvanced welding processes bMir Publishers a671.52bNIK/OLS a247 aENGLISH